Statistics for Regions of Quebec Quiz

Click here to take the quiz!

General Stats

  • This quiz has been taken 172 times
  • The average score is 12 of 17

Answer Stats

Major Cities/TownsAnswer% Correct
MontréalMontréal
92%
ChibougamauNord-du-Quebec
87%
Sept-IlesCôte-Nord
82%
DrummondvilleCentre-du-Quebec
81%
LavalLaval
81%
SaguenaySaguenay-Lac-Saint-Jean
81%
RimouskiBas-St-Laurent
78%
Quebec CityCapitale-Nationale
70%
SherbrookeEstrie
70%
LongueuilMontérégie
69%
GatineauOutaouais
69%
MirabelLaurentides
66%
Trois RivieresMauricie
65%
Rouyn-NorandaAbitibi-Temiscamingue
61%
LevisChaudiere-Appalaches
57%
TerrebonneLanaudiere
57%
GaspéGaspésie-Iles-de-la-Madeleine
39%

Score Distribution

Percentile by Number Answered

Percent of People with Each Score

Your Score History

You have not taken this quiz